Word Ladder: Two Entertainment Subcategories Quiz Stats

 Plays Quiz Updated Jul 30, 2019

Score 0/14 Timer 02:00
0 Plays Today
Hint 5 Letter Word % Correct
Device for callingPHONE
97.5%
'Mary, Mary, _____ Contrary'QUITE
93.5%
BackboneSPINE
93%
Gave out bright lightSHONE
91.3%
Lying flat or downwardPRONE
90.3%
Geoffrey Rush's Oscar winning filmSHINE
90%
• Subcategory about famous sayings from people •• QUOTE •
88.9%
Hint 5 Letter Word % Correct
Non-poetic writingPROSE
87.2%
Set of rooms (or set of instrumental pieces)SUITE
84.7%
Deliberately hurt, offend, or annoySPITE
84.6%
Mediterranean plant with a taste like liquoriceANISE
75%
EmergeARISE
74.2%
• Subcategory about Japanese film •• ANIME •
73.3%
Pull apartPRISE
73%

Today's Daily Dose

You're not logged in!

Compare scores with friends on all Sporcle quizzes.
OR
Log In

Sporcle TV

Today on Sporcle TV


Watch our educational content, quiz creation guides, and fun videos on Sporcle TV.

Show Comments

Extras

Top Quizzes Today


Score Distribution

Your Account Isn't Verified!

In order to create a playlist on Sporcle, you need to verify the email address you used during registration. Go to your Sporcle Settings to finish the process.

Report this User

Report this user for behavior that violates our Community Guidelines.

Details: